| Tag |
First Indicator |
Second Indicator |
Subfields |
| LEADER |
00000cam a2200000 a 4500 |
| 001 |
in00000922425 |
| 005 |
20150924171711.0 |
| 008 |
870611s1988 enka 00110 eng |
| 010 |
|
|
|a 87016057
|
| 020 |
|
|
|a 0080347576 :
|c $25.00 (est.)
|
| 020 |
|
|
|a 0080347584 (pbk.) :
|c $14.90 (est.)
|
| 035 |
|
|
|a (OCoLC)16095137
|
| 035 |
|
|
|9 AEP9963AM
|
| 040 |
|
|
|a DLC
|c DLC
|d UtOrBLW
|
| 043 |
|
|
|a e-uk---
|
| 049 |
|
|
|a TXAM
|c [A13035582]
|a TXAS [mil]
|
| 050 |
0 |
0 |
|a VM480.5.G7
|b K54 1988
|
| 082 |
0 |
|
|a 623/.043
|2 19
|
| 100 |
1 |
|
|a Kiely, D. G.
|q (David G.)
|
| 245 |
1 |
0 |
|a Naval electronic warfare /
|c by D.G. Kiely ; foreword by Sir Edward Ashmore.
|
| 250 |
|
|
|a 1st ed.
|
| 264 |
|
1 |
|a London ;
|a Washington :
|b Brassey's Defence Publishers,
|c 1988.
|
| 300 |
|
|
|a xiv, 122 pages :
|b illustrations ;
|c 26 cm.
|
| 336 |
|
|
|a text
|b txt
|2 rdacontent
|
| 337 |
|
|
|a unmediated
|b n
|2 rdamedia
|
| 338 |
|
|
|a volume
|b nc
|2 rdacarrier
|
| 490 |
1 |
|
|a Brassey's sea power ;
|v v. 5
|
| 500 |
|
|
|a Includes index.
|
| 610 |
1 |
0 |
|a Great Britain.
|b Royal Navy
|x Electronic installations.
|
| 650 |
|
0 |
|a Electronics in military engineering.
|
| 650 |
|
0 |
|a Electronics in naval aviation.
|
| 830 |
|
0 |
|a Brassey's sea power ;
|v v. 5.
|
| 999 |
|
|
|a MARS
|
| 999 |
f |
f |
|s 6f2368d7-4733-3d58-9a24-2b4e6e8f3f10
|i a1aa081d-2246-3304-af46-1b7bf23e06ec
|t 0
|
| 952 |
f |
f |
|p ric
|a Texas A&M University
|b Rellis Campus
|c Joint Library Facility
|s JLF
|d Remote Storage
|t 0
|e VM480.5.G7 K54 1988
|h Library of Congress classification
|i unmediated -- volume
|m A14813035582
|
| 952 |
f |
f |
|p noncirc
|a Texas A&M University
|b College Station
|c Cushing Memorial Library & Archives
|s cush mil
|d Cushing: Ragan Military (Does not check out)
|t 0
|e VM480.5.G7 K54 1988
|h Library of Congress classification
|i unmediated -- volume
|
| 998 |
f |
f |
|a VM480.5.G7 K54 1988
|t 0
|l Remote Storage
|
| 998 |
f |
f |
|a VM480.5.G7 K54 1988
|t 0
|l Cushing: Ragan Military (Does not check out)
|